[Event "GER-chT U10"]
[Site "Magdeburg"]
[Date "2014.12.28"]
[Round "5.4"]
[White "Wettig, Lukas"]
[Black "Lange, Anton"]
[Result "0-1"]
[WhiteElo "600"]
[BlackElo "866"]
[PlyCount "72"]
[EventDate "2014.12.27"]
[EventType "team-swiss"]
[EventRounds "7"]
[EventCountry "GER"]
[SourceTitle "EXT 2016"]
[Source "ChessBase"]
[SourceDate "2015.10.08"]
[SourceVersion "1"]
[SourceVersionDate "2015.10.08"]
[SourceQuality "1"]
[WhiteTeam "Apolda"]
[BlackTeam "Stralsund"]
[WhiteTeamCountry "GER"]
[BlackTeamCountry "GER"]

1. e4 c5 2. Nf3 Nc6 3. Bc4 e5 4. Nc3 Be7 5. d3 d6 6. 0-0 Nf6 7. Be3 0-0 8. d4 exd4 9. Nxd4 cxd4 10. Bxd4 Bd7 11. Nd5 Nxd5 12. exd5 Nxd4 13. Qxd4 Bf6 14. Qf4 Bxb2 15. Rab1 Be5 16. Qe4 b6 17. Bd3 g6 18. f4 Bf5 19. Qe3 Bxd3 20. cxd3 Bf6 21. Qe4 Re8 22. Qf3 Rc8 23. f5 g5 24. Rb4 h6 25. Ra4 a5 26. Rc4 Rxc4 27. dxc4 Re7 28. Qh3 Kg7 29. Qh5 Qe8 30. h3 Bd4+ 31. Kh1 Re1 32. Rxe1 Qxe1+ 33. Kh2 Be5+ 34. g3 Bxg3+ 35. Kg2 Qf2+ 36. Kh1 Qh2# 0-1